The human face of the urban environment : (Record no. 754532)
[ view plain ]
| 000 -LEADER | |
|---|---|
| fixed length control field | 00861cam a2200181 a 4500 |
| 020 ## - INTERNATIONAL STANDARD BOOK NUMBER | |
| ISBN | 0821332457 |
| 082 00 - DEWEY DECIMAL CLASSIFICATION NUMBER | |
| Classification number | 307.76 SER.N5 |
| Edition number | 20 |
| 245 14 - TITLE STATEMENT | |
| Title | The human face of the urban environment : |
| Sub Title | a report to the development community on the second annual Conference on Environmentally Sustainable Development sponsored by the World Bank and held at the National Academy of Sciences and the World Bank, Washington, D.C., September 19-23, 1994 / |
| Statement of responsibility, etc | Ismail Serageldin and Michael A. Cohen, editors ; Alison Cave, editorial consultant. |
| 260 ## - PUBLICATION, DISTRIBUTION, ETC. (IMPRINT) | |
| Place of publication | Washington, D.C. : |
| Name of publisher | World Bank, |
| Year of publication | 1995. |
| 300 ## - PHYSICAL DESCRIPTION | |
| Number of Pages | 55 p. |
| 650 #0 - SUBJECT ADDED ENTRY--TOPICAL TERM | |
| Topical Term | City planning |
| 650 #0 - SUBJECT ADDED ENTRY--TOPICAL TERM | |
| Topical Term | Sustainable development |
| 650 #0 - SUBJECT ADDED ENTRY--TOPICAL TERM | |
| Topical Term | Community development, Urban |
| 700 1# - ADDED ENTRY--PERSONAL NAME | |
| Personal name | Serageldin, Ismail, |
| 700 1# - ADDED ENTRY--PERSONAL NAME | |
| Personal name | Cohen, Michael A., |
| 942 ## - ADDED ENTRY ELEMENTS (KOHA) | |
| Source of classification or shelving scheme | Dewey Decimal Classification |
| Koha item type | UN & WB Publications |
| Withdrawn status | Lost status | Source of classification or shelving scheme | Damaged status | Not for loan | Collection code | Home Library | Current Location | Date acquired | Full call number | Accession Number | Price effective from | Koha item type |
|---|---|---|---|---|---|---|---|---|---|---|---|---|
| Dewey Decimal Classification | Not For Loan | World Bank Publication | Kerala University Library | Kerala University Library | 24/12/2025 | 307.76 SER.N5 | UWO5311 | 24/12/2025 | UN & WB Publications |
